000 00296nam a22001337a 4500
999 _c534043
_d534043
020 _a014132516X
040 _cMSOHAIL
082 _a823
100 _aTom Sawyer
_928160
245 _aThe Adventure Collection
260 _aLondon
_bPenguin Books
_cc2008
300 _a320+;p
942 _2ddc
_cBK